| 000 | 01079nam a2200301 i 4500 | ||
|---|---|---|---|
| 003 | EG-GICUC | ||
| 005 | 20260121101441.0 | ||
| 008 | 251208s1936 ua ||||fr|||| 001 0 ara d | ||
| 040 |
_a EG-GICUC _bara _c EG-GICUC _d EG-GICUC _erda |
||
| 041 | 0 | _aara | |
| 082 | 0 | 4 |
_221 _a343.3 _bم ح . ق |
| 092 | 0 | 4 | _221 |
| 099 | _aLaw1 10 343.3 م ح . ق 1936 | ||
| 100 | 0 |
_aمحمد صديق سليم _eمؤلف. |
|
| 245 | 1 | 0 |
_aقانون تحقيق الجنائيات وإحكام النقض / _cمحمد صديق سليم. |
| 264 | 3 |
_aالقاهرة : _bمطبعة الأعتماد، _c1936. |
|
| 300 |
_a580 صفحة ؛ _c24 سم. |
||
| 336 |
_2rda content _atext |
||
| 337 |
_2rda media _aComputer |
||
| 338 |
_2rda carrier _aOnline Resource |
||
| 500 | _aيشتمل علي كشاف هجائي | ||
| 546 | _aالنص باللغة العربية | ||
| 650 | 1 | 4 | _aقانون الإجراءات الجنائية |
| 650 | 1 | 4 | _aالقانون الجنائي |
| 856 | 4 | 0 | _uhttps://fll.law.cu.edu.eg/fulltext/bks/B10-05697.pdf |
| 905 |
_a77 _eHassnaa |
||
| 942 |
_2ddc _cBK _e21 _n0 |
||
| 999 |
_c49093 _d49093 |
||